The evolution of rationality : (Record no. 20880)

MARC details
000 -LEADER
fixed length control field 01564cam a2200397 a 4500
001 - CONTROL NUMBER
control field 14498093
003 - CONTROL NUMBER IDENTIFIER
control field OSt
005 - DATE AND TIME OF LATEST TRANSACTION
control field 20251203121201.0
008 - FIXED-LENGTH DATA ELEMENTS--GENERAL INFORMATION
fixed length control field 060814s2006 miu b 010 0 eng
010 ## - LIBRARY OF CONGRESS CONTROL NUMBER
LC control number 2006026703
020 ## - INTERNATIONAL STANDARD BOOK NUMBER
International Standard Book Number 0802827896
Qualifying information cloth : alk. paper
020 ## - INTERNATIONAL STANDARD BOOK NUMBER
International Standard Book Number 9780802827890
Qualifying information (cloth : alk. paper)
035 ## - SYSTEM CONTROL NUMBER
System control number 14498093
040 ## - CATALOGING SOURCE
Original cataloging agency DLC
Transcribing agency DLC
Modifying agency DLC
050 00 - LIBRARY OF CONGRESS CALL NUMBER
Classification number BL240.3
Item number .E96 2006
082 00 - DEWEY DECIMAL CLASSIFICATION NUMBER
Classification number 201/.65
Edition number 22
245 04 - TITLE STATEMENT
Title The evolution of rationality :
Remainder of title interdisciplinary essays in honor of J. Wentzel van Huyssteen /
Statement of responsibility, etc. edited by F. LeRon Shults.
260 ## - PUBLICATION, DISTRIBUTION, ETC. (IMPRINT)
Place of publication, distribution, etc. Grand Rapids, Mich. :
Name of publisher, distributor, etc. W.B. Eerdmans Pub. Co.,
Date of publication, distribution, etc. 2006.
300 ## - PHYSICAL DESCRIPTION
Extent xiii, 426 p. ;
Dimensions 24 cm.
336 ## - CONTENT TYPE
Content type term text
Content type code txt
Source rdacontent
337 ## - MEDIA TYPE
Media type term unmediated
Media type code n
Source rdamedia
338 ## - CARRIER TYPE
Carrier type term volume
Carrier type code nc
Source rdacarrier
504 ## - BIBLIOGRAPHY, ETC. NOTE
Bibliography, etc Includes bibliographical references (p. 417-422).
600 10 - SUBJECT ADDED ENTRY--PERSONAL NAME
Personal name Van Huyssteen, J. Wentzel
Fuller form of name (Jacobus Wentzel),
Dates associated with a name 1942-
650 #0 - SUBJECT ADDED ENTRY--TOPICAL TERM
Topical term or geographic name as entry element Religion and science.
650 #0 - SUBJECT ADDED ENTRY--TOPICAL TERM
Topical term or geographic name as entry element Practical reason.
650 #0 - SUBJECT ADDED ENTRY--TOPICAL TERM
Topical term or geographic name as entry element Philosophy and religion.
650 #0 - SUBJECT ADDED ENTRY--TOPICAL TERM
Topical term or geographic name as entry element Knowledge, Theory of.
700 1# - ADDED ENTRY--PERSONAL NAME
Personal name Van Huyssteen, J. Wentzel
Fuller form of name (Jacobus Wentzel),
Dates associated with a name 1942-
700 1# - ADDED ENTRY--PERSONAL NAME
Personal name Shults, F. LeRon.
856 41 - ELECTRONIC LOCATION AND ACCESS
Materials specified Table of contents only
Uniform Resource Identifier <a href="http://www.loc.gov/catdir/toc/ecip0619/2006026703.html">http://www.loc.gov/catdir/toc/ecip0619/2006026703.html</a>
906 ## - LOCAL DATA ELEMENT F, LDF (RLIN)
a 7
b cbc
c orignew
d 1
e ecip
f 20
g y-gencatlg
942 ## - ADDED ENTRY ELEMENTS (KOHA)
Source of classification or shelving scheme Library of Congress Classification
Koha item type General Collection
Holdings
Withdrawn status Lost status Source of classification or shelving scheme Not for loan Home library Current library Shelving location Date acquired Source of acquisition Inventory number Total Checkouts Full call number Barcode Date last seen Copy number Price effective from Koha item type
    Library of Congress Classification   Kabarak, Main Campus Kabarak, Main Campus General Stacks 03/12/2025 Donation 2025/3193   BL240.3 .E96 2006 C.1 39472 03/12/2025 C.1 03/12/2025 General Collection
Designed with assistance from East African Informatics Ltd